LEADER 01160nam--2200397---450- 001 990002817730203316 005 20060922152212.0 010 $a0-7923-8324-9 035 $a000281773 035 $aUSA01000281773 035 $a(ALEPH)000281773USA01 035 $a000281773 100 $a20060922d2000----km-y0itay50------ba 101 $aeng 102 $aUS 105 $a||||||||001yy 200 1 $aInventory management$eprinciples, concepts and techniques$fby John W. Toomey 210 $aBoston [etc.]$cKluwer$dc2000 215 $aX, 228 p.$d25 cm. 225 2 $aMaterials management$iLogistics series 410 0$12001$aMaterials management$iLogistics series 454 1$12001 461 1$1001-------$12001 606 0 $aProduzione$xProgrammazione 606 0 $aScorte di magazzino$xGestione 606 0 $aScorte di magazzino$xInventario 676 $a658.787 700 1$aTOOMEY,$bJohn W.$0542685 801 0$aIT$bsalbc$gISBD 912 $a990002817730203316 951 $aII/109$b1871$cII 959 $aBK 969 $aDIMEC 979 $aDIMEC$b90$c20060922$lUSA01$h1522 996 $aInventory management$9994718 997 $aUNISA LEADER 01211nam a2200337 i 4500 001 991000970999707536 005 20020507180828.0 008 970505s1977 us ||| | eng 020 $a0120893509 035 $ab10782989-39ule_inst 035 $aLE01305072$9ExL 040 $aDip.to Matematica$beng 082 0 $a515.35 084 $aAMS 70-02 084 $aAMS 70-XX 084 $aAMS 70H20 100 1 $aBenton, Stanley H.$054412 245 14$aThe Hamilton-Jacobi equation :$ba global approach /$cStanley H. Benton 260 $aNew York :$bAcademic Press,$c1977 300 $axi, 147 p. ;$c24 cm 490 0 $aMathematics in science and engineering.$pA series of monographs and textbooks,$x0076-5392 ;$v131 500 $aIncludes index. 500 $aBibliography: p. 133-143 650 0$aHamilton-Jacobi equations 650 0$aMechanics of particles and systems 907 $a.b10782989$b23-02-17$c28-06-02 912 $a991000970999707536 945 $aLE013 70-XX BEN21 (1977)$g1$i2013000081687$lle013$o-$pE0.00$q-$rl$s- $t0$u2$v0$w2$x0$y.i10882777$z28-06-02 996 $aHamilton Jacobi equation$9345428 997 $aUNISALENTO 998 $ale013$b01-01-97$cm$da $e-$feng$gus $h4$i1